<?xml version="1.0" encoding="UTF-8"?>
<record
    xmlns:xsi="http://www.w3.org/2001/XMLSchema-instance"
    xsi:schemaLocation="http://www.loc.gov/MARC21/slim http://www.loc.gov/standards/marcxml/schema/MARC21slim.xsd"
    xmlns="http://www.loc.gov/MARC21/slim">

  <leader>02788cam a2200313 a 4500</leader>
  <controlfield tag="003">OSt</controlfield>
  <controlfield tag="005">20211007130902.0</controlfield>
  <controlfield tag="008">110224s2009    mx ad   r     001 0 spa d</controlfield>
  <datafield tag="020" ind1=" " ind2=" ">
    <subfield code="a">6074620067</subfield>
  </datafield>
  <datafield tag="020" ind1=" " ind2=" ">
    <subfield code="a">9786074620061</subfield>
  </datafield>
  <datafield tag="040" ind1=" " ind2=" ">
    <subfield code="a">CO-BoPUJ</subfield>
    <subfield code="c">CO-JMCR</subfield>
  </datafield>
  <datafield tag="041" ind1="0" ind2=" ">
    <subfield code="a">spa</subfield>
  </datafield>
  <datafield tag="082" ind1="0" ind2="4">
    <subfield code="a">338.17373 /</subfield>
    <subfield code="b">P153c</subfield>
    <subfield code="2">23</subfield>
  </datafield>
  <datafield tag="100" ind1="1" ind2=" ">
    <subfield code="a">Palacios, Marco, </subfield>
    <subfield code="e">autor</subfield>
    <subfield code="9">4081</subfield>
  </datafield>
  <datafield tag="245" ind1="1" ind2="3">
    <subfield code="a">El caf&#xE9; en Colombia, 1850-1970 : </subfield>
    <subfield code="b">una historia econ&#xF3;mica, social y pol&#xED;tica /</subfield>
    <subfield code="c">Marco Antonio Palacios Rozo</subfield>
  </datafield>
  <datafield tag="250" ind1=" " ind2=" ">
    <subfield code="a">4a edici&#xF3;n, corregida y actualizada.</subfield>
  </datafield>
  <datafield tag="260" ind1=" " ind2=" ">
    <subfield code="a">M&#xE9;xico : </subfield>
    <subfield code="b">El Colegio de M&#xE9;xico : </subfield>
    <subfield code="b">Centro de Estudios Hist&#xF3;ricos, </subfield>
    <subfield code="c">2009.</subfield>
  </datafield>
  <datafield tag="300" ind1=" " ind2=" ">
    <subfield code="a">575 p&#xE1;ginas : </subfield>
    <subfield code="b">ilustraciones, gr&#xE1;ficas y tablas ; </subfield>
    <subfield code="c">23 cm.</subfield>
  </datafield>
  <datafield tag="504" ind1=" " ind2=" ">
    <subfield code="a">Bibliograf&#xED;a : p&#xE1;ginas 525-553, glosario e &#xED;ndice.</subfield>
  </datafield>
  <datafield tag="505" ind1="0" ind2=" ">
    <subfield code="g">El caf&#xE9; en el mundo y en Colombia. -- Exportar o perecer en el camino a la civilizaci&#xF3;n. -- Los comerciantes durante la primera expansi&#xF3;n cafetera (c. 1850-1910). -- Divisiones pol&#xED;ticas, inflaci&#xF3;n, devaluaci&#xF3;n y ciclo cafetero. -- Negocio cafetero y ascenso de una oligarqu&#xED;a. -- Problemas de rentabilidad y de endeudamiento hipotecario en las haciendas de caf&#xE9;. -- Tierra y sociedad : la regi&#xF3;n bogotana. -- Tierra y sociedad : la colonizaci&#xF3;n antioque&#xF1;a. -- La organizaci&#xF3;n de las haciendas de caf&#xE9; (1870-1940). -- Condiciones de vida y conflictos en las haciendas. -- Brasil y los campesinos colombianos protegen el negocio cafetero. -- El modelo liberal cafetero. -- La Federaci&#xF3;n Nacional de Cafeteros y el "el partido del caf&#xE9;". -- Transformaciones de la estructura productiva cafetera, c. 1932-1970. -- El campesino : de h&#xE9;roe a villano, y el ascenso del empresario caficultor.</subfield>
  </datafield>
  <datafield tag="520" ind1="0" ind2=" ">
    <subfield code="a">"Palacios logra integrar en una narrativa &#xFA;nica en forma excepcional los aspectos econ&#xF3;micos, sociales y pol&#xED;ticos del tema, manteni&#xE9;ndose atento al mismo tiempo a los aspectos generales del proceso cafetero y a las m&#xE1;s minuciosas historias de caso y bas&#xE1;ndose en una extensa bibliograf&#xED;a secundaria y en el m&#xE1;s amplio espectro de archivos p&#xFA;blicos y privados. Este trabajo que revisa muchas de las concepciones e interpretaciones acepta das por historiadores tradicionales y recientes, est&#xE1; destinado a convertirse en uno de los cl&#xE1;sicos de la historiograf&#xED;a colombiana..."</subfield>
  </datafield>
  <datafield tag="650" ind1="1" ind2="4">
    <subfield code="a">Econom&#xED;a cafetera</subfield>
    <subfield code="z">Colombia</subfield>
    <subfield code="y">1850-1970</subfield>
    <subfield code="9">41014</subfield>
  </datafield>
  <datafield tag="650" ind1="2" ind2="4">
    <subfield code="a">Industria del caf&#xE9;</subfield>
    <subfield code="z">Colombia</subfield>
    <subfield code="y">1850-1970</subfield>
    <subfield code="9">41015</subfield>
  </datafield>
  <datafield tag="650" ind1="2" ind2="4">
    <subfield code="a">Caf&#xE9;</subfield>
    <subfield code="x">Comercio</subfield>
    <subfield code="z">Colombia</subfield>
    <subfield code="y">1850-1970</subfield>
    <subfield code="9">41016</subfield>
  </datafield>
  <datafield tag="651" ind1="2" ind2="4">
    <subfield code="a">Colombia</subfield>
    <subfield code="x">Condiciones socioecon&#xF3;micas</subfield>
    <subfield code="y">1850-1970</subfield>
    <subfield code="9">41017</subfield>
  </datafield>
  <datafield tag="651" ind1="2" ind2="4">
    <subfield code="a">Colombia</subfield>
    <subfield code="x">Pol&#xED;tica y gobierno</subfield>
    <subfield code="y">1850-1970</subfield>
    <subfield code="9">41018</subfield>
  </datafield>
  <datafield tag="942" ind1=" " ind2=" ">
    <subfield code="2">ddc</subfield>
    <subfield code="c">BK</subfield>
  </datafield>
  <datafield tag="999" ind1=" " ind2=" ">
    <subfield code="c">12659</subfield>
    <subfield code="d">12659</subfield>
  </datafield>
  <datafield tag="952" ind1=" " ind2=" ">
    <subfield code="0">0</subfield>
    <subfield code="1">0</subfield>
    <subfield code="2">ddc</subfield>
    <subfield code="4">0</subfield>
    <subfield code="7">0</subfield>
    <subfield code="a">CPL</subfield>
    <subfield code="b">CPL</subfield>
    <subfield code="c">GEN</subfield>
    <subfield code="d">2018-04-15</subfield>
    <subfield code="e">Donaci&#xF3;n</subfield>
    <subfield code="o">338.17373 / P153c</subfield>
    <subfield code="p">430005351</subfield>
    <subfield code="r">2024-05-16 00:00:00</subfield>
    <subfield code="t">Ej.1</subfield>
    <subfield code="w">2021-03-10</subfield>
    <subfield code="y">BK</subfield>
  </datafield>
</record>
